Municipios leoneses por provincia (Tile select) - Estadísticas

Estadísticas generales
  • Esta prueba ha sido intentada 26 veces
  • La puntuación promedio es 16 de 27
Estadísticas de respuestas
Pregunta Azulejo Select % Correcto
Municipios de León Monleón No
96%
Municipios de León Vega de Infanzones
91%
Municipios de León Encinedo
87%
Municipios de León Monsagro No
87%
Municipios de León Asturianos No
83%
Municipios de León Gallegos del Río No
74%
Municipios de León Cubillas de Rueda
70%
Municipios de León Escobar de Campos
65%
Municipios de León Santa María de la Isla
65%
Municipios de Zamora Santas Martas No
65%
Municipios de Zamora Villaverde de Guareña No
65%
Municipios de Salamanca Castrillo de la Guareña No
61%
Municipios de Zamora Fuenteguinaldo No
61%
Municipios de Zamora Otero de Bodas
61%
Municipios de Zamora Pobladura de Valderaduey
61%
Municipios de Zamora Grajal de Campos No
57%
Municipios de Zamora Porto
57%
Municipios de Salamanca Valdefresno No
57%
Municipios de Salamanca Membribe de la Sierra
52%
Municipios de Salamanca Villademor de la Vega No
52%
Municipios de Zamora Galende
48%
Municipios de Salamanca Gallegos de Solmirón
43%
Municipios de Salamanca Saucelle
43%
Municipios de Salamanca Carbajales de Alba No
39%
Municipios de Salamanca La Bouza
39%
Municipios de Zamora Mahíde
39%
Municipios de Salamanca Villar de Ciervo
26%
No se encontraron pruebas coincidentes
Distribución de puntuación
Porcentaje de gente con cada puntuación
Porcentaje por número respondido
Historial de tus puntuaciones
No has intentado esta prueba.